| 000 | 01819nam a2200397 a 4500 | ||
|---|---|---|---|
| 001 | ebr10096089 | ||
| 003 | CaPaEBR | ||
| 006 | m u | ||
| 007 | cr cn||||||||| | ||
| 008 | 031112s2004 iluk s 001 0 eng | ||
| 010 | _z 2003024496 | ||
| 020 | _z1572483989 (alk. paper) | ||
| 040 |
_aCaPaEBR _cCaPaEBR |
||
| 035 | _a(OCoLC)232157335 | ||
| 043 | _an-us-ma | ||
| 050 | 1 | 4 |
_aKFM2517.Z9 _bD528 2004eb |
| 082 | 0 | 4 |
_a346.74404/34 _222 |
| 100 | 1 | _aDiBlasi, Joseph P. | |
| 245 | 1 | 4 |
_aThe landlord's legal guide in Massachusetts _h[electronic resource] / _cJoseph DiBlasi, Mark Warda. |
| 250 | _a2nd ed. | ||
| 260 |
_aNaperville, Ill. : _bSphinx Pub., _c2004. |
||
| 300 |
_axvii, 252 p. : _bforms. |
||
| 490 | 1 | _aSphinx legal | |
| 500 | _aIncludes index. | ||
| 505 | 0 |
_tLaws that govern rental property -- _tCreating the landlord/tenant relationship -- _tLeases and rental agreements -- _tHandling security deposits -- _tResponsibility for maintenance -- _tLandlord liabilities -- _tChanging the terms of the tenancy -- _tProblems during the tenancy -- _tTerminating a tenancy -- _tEvicting a tenant -- _tSelf service storage space -- _tMobile home parks. |
|
| 533 |
_aElectronic reproduction. _bPalo Alto, Calif. : _cebrary, _d2013. _nAvailable via World Wide Web. _nAccess may be limited to ebrary affiliated libraries. |
||
| 650 | 0 |
_aLandlord and tenant _zMassachusetts _vPopular works. |
|
| 650 | 0 |
_aLeases _zMassachusetts _vPopular works. |
|
| 650 | 0 |
_aLandlord and tenant _zMassachusetts _vForms. |
|
| 650 | 0 |
_aLeases _zMassachusetts _vForms. |
|
| 655 | 7 |
_aElectronic books. _2local |
|
| 700 | 1 | _aWarda, Mark. | |
| 710 | 2 | _aebrary, Inc. | |
| 830 | 0 | _aSphinx legal. | |
| 856 | 4 | 0 |
_uhttp://site.ebrary.com/lib/rucke/Doc?id=10096089 _zAn electronic book accessible through the World Wide Web; click to view |
| 999 |
_c98063 _d98063 |
||